• 首页
  • 本馆介绍
  • 公告通知
  • 最新文献
  • 馆藏检索
  • 电子资源
  • 读者导购
  • 参考咨询
  • 我的图书馆
  • 登录
  • 详细信息显示
  • 放入我的书架
  • 预约/预借图书
  • 作者相关作品
  • 分类相关作品
  • 丛书相关作品
  • 出版社相关作品

书目信息

  • 表格格式
  • 工作单格式
  • 卡片格式
题名:
五运六气天文历法基础知识
    
 
作者: 田合禄 , 王卿 编著
分册:  
出版信息: 太原   山西科学技术出版社  2016.12
页数: 285页
开本: 21cm
丛书名:
单 册:
中图分类: P194.3
科图分类:
主题词: 古历法--基本知识--中国 , 运气(中医)--基本知识
电子资源:
ISBN: 978-7-5377-5431-6
000 00907nam0 2200241 450
001 442
005 20180922115558.34
010    @a978-7-5377-5431-6@dCNY20.00
100    @a20170328d2016 em y0chiy50 ea
101 0  @achi
102    @aCN@b140000
105    @aa z 000yy
200 1  @a五运六气天文历法基础知识@9wu yun liu qi tian wen li fa ji chu zhi shi@e黄帝内经天文历法基础知识@f田合禄,王卿编著
210    @a太原@c山西科学技术出版社@d2016.12
215    @a285页@c图@d21cm
330    @a本书是一部论述天文历法和中医,辨证论治,中医理法方药的理论图书,是研究五运六气的基础知识的一部分,是中医理论基础的重要基础部分,是西医和中医在学习时必须掌握的基础知识。
606 0  @a古历法@x基本知识@y中国
606 0  @a运气(中医)@x基本知识
690    @aP194.3@v5
701  0 @a田合禄@9tian he lu@f(1942-)@4编著
701  0 @a王卿@9wang qing@4编著
801  0 @aCN@b91MARC@c20170328
905    @aMuseLib@dP194.3@e247
    
    五运六气天文历法基础知识:黄帝内经天文历法基础知识/田合禄,王卿编著.-太原:山西科学技术出版社,2016.12
    285页:图;21cm
    
    
    ISBN 978-7-5377-5431-6:CNY20.00
    本书是一部论述天文历法和中医,辨证论治,中医理法方药的理论图书,是研究五运六气的基础知识的一部分,是中医理论基础的重要基础部分,是西医和中医在学习时必须掌握的基础知识。
●
相关链接 在E读中查询图书 在五车中查询图书 在当当中查询图书 在豆瓣中查询图书


正题名:五运六气天文历法基础知识     索取号:P194.3/247         预约/预借

序号 登录号 条形码 馆藏地/架位号 状态 备注
1 1119899   211198997   第二样本阅览室/ [索取号:P194.3/247] 在馆    
2 1119900   211199004   第三借阅区/ [索取号:P194.3/247] 在馆    
3 1119901   211199013   第三借阅区/ [索取号:P194.3/247] 在馆    
4 1119902   211199022   第三借阅区/ [索取号:P194.3/247] 在馆    
5 1119903   211199031   密集书库-资源管理系/ [索取号:P194.3/247] 在馆    
唐山师范学院图书馆 欢迎您!
大连网信软件有限公司© 版权所有